00221nam a2200085Ia 450000100070000000500170000700800410002424500460006526000240011168334720250826161436.0250824s9999 xx 000 0 und d 0aİNCİR ÇEKİRDEĞİcHALUK DURSUN bTİMAŞ YAYINLARI